Countries Ending With I - Statistics

General Stats
  • This quiz has been taken 118 times
  • The average score is 6 of 8
Answer Stats
Country % Correct
Fiji
83%
Kiribati
77%
Haiti
75%
Burundi
73%
Djibouti
69%
Malawi
69%
Mali
66%
Brunei
65%
No matching quizzes found
Score Distribution
Percent of People with Each Score
Percentile by Number Answered
Your Score History
You have not taken this quiz